Документационное обеспечение управления в социально-культурном сервисе и туризме: учебное пособие

Dettagli Bibliografici
Autore principale: Арляпова Е. В. Елена Викторовна
Ente Autore: Томский политехнический университет (ТПУ) Институт дистанционного образования (ИДО)
Riassunto:В пособии в краткой форме изложены основы документационного обеспечения в социально-культурном сервисе и туризме. По каждой теме представлены вопросы для контроля знаний, а также даны исторические справки. При составлении пособия использован широкий круг современной литературы. Учебное пособие подготовлено на кафедре культурологии и социальной коммуникации Томского политехнического университета, соответствует программе дисциплины и предназначено для студентов Института дистанционного образования, обучающихся по специальности 230500 «Социально-культурный сервис и туризм».
Lingua:russo
Pubblicazione: Томск, Изд-во ТПУ, 2005
Soggetti:
Natura: Libro
KOHA link:https://koha.lib.tpu.ru/cgi-bin/koha/opac-detail.pl?biblionumber=90662

MARC

LEADER 00000nam0a2200000 4500
001 90662
005 20231101213727.0
035 |a (RuTPU)RU\TPU\book\97213 
090 |a 90662 
100 |a 20060214d2005 m y0rusy50 ca 
101 0 |a rus 
102 |a RU 
105 |a y j 000zy 
200 1 |a Документационное обеспечение управления в социально-культурном сервисе и туризме  |e учебное пособие  |f Е. В. Арляпова  |g Томский политехнический университет (ТПУ), Институт дистанционного образования (ИДО) 
210 |a Томск  |c Изд-во ТПУ  |d 2005 
215 |a 130 с. 
330 |a В пособии в краткой форме изложены основы документационного обеспечения в социально-культурном сервисе и туризме. По каждой теме представлены вопросы для контроля знаний, а также даны исторические справки. При составлении пособия использован широкий круг современной литературы. Учебное пособие подготовлено на кафедре культурологии и социальной коммуникации Томского политехнического университета, соответствует программе дисциплины и предназначено для студентов Института дистанционного образования, обучающихся по специальности 230500 «Социально-культурный сервис и туризм». 
606 1 |a Туризм  |x Экономика  |2 stltpush  |3 (RuTPU)RU\TPU\subj\53770  |9 71935 
610 1 |a экономика 
610 1 |a туризм 
610 1 |a туристическая деятельность 
610 1 |a социально-культурный сервис 
610 1 |a управление 
610 1 |a документальная база 
610 1 |a документация 
610 1 |a документальное оформление 
610 1 |a делопроизводство 
610 1 |a оформление 
610 1 |a практикумы 
610 1 |a учебные пособия 
610 1 |a труды учёных ТПУ 
686 |a У9(2)43я73  |v LBC/SL-A  |2 rubbk 
700 1 |a Арляпова  |b Е. В.  |c специалист в области социальных коммуникаций  |c доцент Томского политехнического университета, кандидат философских наук  |f 1971-  |g Елена Викторовна  |2 stltpush  |3 (RuTPU)RU\TPU\pers\24727 
712 0 2 |a Томский политехнический университет (ТПУ)  |b Институт дистанционного образования (ИДО)  |2 stltpush  |3 (RuTPU)RU\TPU\col\12625 
801 1 |a RU  |b 63413507  |c 20060214  |g PSBO 
801 2 |a RU  |b 63413507  |c 20220530  |g PSBO 
900 |a Документационное обеспечение управления социально-культурного сервиса и туризма 
942 |c BK